Bài tập toán cao cấp Dùng cho các trường CĐSP và Kỹ thuật T.1
Trình bày các vấn đề cơ bản, đưa ra bài tập và lời giải bài tập của số thực; Hàm số và giới hạn hàm số; Hàm số liện tục; Đạo hàm vi phân; Các định lý cơ bản về đạo hàm.
Đã lưu trong:
| Tác giả chính: | |
|---|---|
| Định dạng: | Sách |
| Năm xuất bản: |
H.
Khoa học - kỹ thuật
1998
|
| Chủ đề: | |
| Tags: |
Thêm thẻ
Không có thẻ, Hãy là người đầu tiên gắn thẻ bản ghi này!
|
| LEADER | 05650nam a2200505 4500 | ||
|---|---|---|---|
| 082 | |a 510.76 |b NG527V | ||
| 100 | |a Nguyễn Văn Khuê | ||
| 245 | |a Bài tập toán cao cấp |c Nguyễn Văn Khuê chủ biên, Đậu Thế Cấp, Bùi Đắc Tắc |n T.1 |b Dùng cho các trường CĐSP và Kỹ thuật | ||
| 260 | |a H. |b Khoa học - kỹ thuật |c 1998 | ||
| 300 | |a 183 tr. |c 21 cm | ||
| 520 | |a Trình bày các vấn đề cơ bản, đưa ra bài tập và lời giải bài tập của số thực; Hàm số và giới hạn hàm số; Hàm số liện tục; Đạo hàm vi phân; Các định lý cơ bản về đạo hàm. | ||
| 653 | |a Toán học | ||
| 653 | |a Toán cao cấp | ||
| 653 | |a Bài tập | ||
| 942 | |2 ddc |c STK0 | ||
| 999 | |c 2641 |d 2641 | ||
| 952 | |0 0 |1 0 |2 ddc |4 0 |6 510_760000000000000_NG527V |7 1 |8 500 |9 32645 |a qbu |b qbu |c D3 |d 2014-12-14 |g 14000 |o 510.76 NG527V |p 3582.c1 |r 0000-00-00 |w 2014-12-14 |y STK0 | ||
| 952 | |0 0 |1 0 |2 ddc |4 0 |6 510_760000000000000_NG527V |7 0 |8 500 |9 32646 |a qbu |b qbu |c D3 |d 2014-12-14 |g 14000 |l 3 |m 1 |o 510.76 NG527V |p 3582.c2 |r 2018-06-19 |s 2018-06-11 |w 2014-12-14 |y STK0 | ||
| 952 | |0 0 |1 0 |2 ddc |4 0 |6 510_760000000000000_NG527V |7 0 |8 500 |9 32647 |a qbu |b qbu |c D3 |d 2014-12-14 |g 14000 |l 2 |m 2 |o 510.76 NG527V |p 3582.c3 |r 2015-12-28 |s 2015-12-14 |w 2014-12-14 |y STK0 | ||
| 952 | |0 0 |1 0 |2 ddc |4 0 |6 510_760000000000000_NG527V |7 0 |8 500 |9 32648 |a qbu |b qbu |c D3 |d 2014-12-14 |g 14000 |l 4 |o 510.76 NG527V |p 3582.c4 |r 2019-01-11 |s 2019-01-03 |w 2014-12-14 |y STK0 | ||
| 952 | |0 0 |1 0 |2 ddc |4 0 |6 510_760000000000000_NG527V |7 0 |8 500 |9 32649 |a qbu |b qbu |c D3 |d 2014-12-14 |g 14000 |o 510.76 NG527V |p 3582.c5 |r 0000-00-00 |w 2014-12-14 |y STK0 | ||
| 952 | |0 0 |1 0 |2 ddc |4 0 |6 510_760000000000000_NG527V |7 0 |8 500 |9 32650 |a qbu |b qbu |c D3 |d 2014-12-14 |g 14000 |l 1 |o 510.76 NG527V |p 3582.c6 |r 2015-01-26 |s 2015-01-19 |w 2014-12-14 |y STK0 | ||
| 952 | |0 0 |1 0 |2 ddc |4 0 |6 510_760000000000000_NG527V |7 0 |8 500 |9 32651 |a qbu |b qbu |c D3 |d 2014-12-14 |g 14000 |l 2 |o 510.76 NG527V |p 3582.c7 |r 2015-02-05 |s 2015-01-29 |w 2014-12-14 |y STK0 | ||
| 952 | |0 0 |1 0 |2 ddc |4 0 |6 510_760000000000000_NG527V |7 0 |8 500 |9 32652 |a qbu |b qbu |c D3 |d 2014-12-14 |g 14000 |l 1 |m 1 |o 510.76 NG527V |p 3582.c8 |r 2015-11-09 |s 2015-10-26 |w 2014-12-14 |y STK0 | ||
| 952 | |0 0 |1 0 |2 ddc |4 0 |6 510_760000000000000_NG527V |7 0 |8 500 |9 32653 |a qbu |b qbu |c D3 |d 2014-12-14 |g 14000 |o 510.76 NG527V |p 3582.c9 |r 0000-00-00 |w 2014-12-14 |y STK0 | ||
| 952 | |0 0 |1 0 |2 ddc |4 0 |6 510_760000000000000_NG527V |7 0 |8 500 |9 32654 |a qbu |b qbu |c D3 |d 2014-12-14 |g 14000 |l 1 |m 1 |o 510.76 NG527V |p 3582.c10 |r 2016-01-28 |s 2016-01-13 |w 2014-12-14 |y STK0 | ||
| 952 | |0 0 |1 0 |2 ddc |4 0 |6 510_760000000000000_NG527V |7 0 |8 500 |9 32655 |a qbu |b qbu |c D3 |d 2014-12-14 |g 14000 |l 4 |m 1 |o 510.76 NG527V |p 3582.c11 |r 2018-11-14 |s 2018-11-01 |w 2014-12-14 |y STK0 | ||
| 952 | |0 0 |1 0 |2 ddc |4 0 |6 510_760000000000000_NG527V |7 0 |8 500 |9 32656 |a qbu |b qbu |c D3 |d 2014-12-14 |g 14000 |l 3 |o 510.76 NG527V |p 3582.c12 |r 2016-12-26 |s 2016-12-20 |w 2014-12-14 |y STK0 | ||
| 952 | |0 0 |1 0 |2 ddc |4 0 |6 510_760000000000000_NG527V |7 0 |8 500 |9 32657 |a qbu |b qbu |c D3 |d 2014-12-14 |g 14000 |o 510.76 NG527V |p 3582.c13 |r 0000-00-00 |w 2014-12-14 |y STK0 | ||
| 952 | |0 0 |1 0 |2 ddc |4 0 |6 510_760000000000000_NG527V |7 0 |8 500 |9 32658 |a qbu |b qbu |c D3 |d 2014-12-14 |g 14000 |o 510.76 NG527V |p 3582.c14 |r 0000-00-00 |w 2014-12-14 |y STK0 | ||
| 952 | |0 0 |1 0 |2 ddc |4 0 |6 510_760000000000000_NG527V |7 0 |8 500 |9 32659 |a qbu |b qbu |c D3 |d 2014-12-14 |g 14000 |l 4 |m 1 |o 510.76 NG527V |p 3582.c15 |r 2015-11-30 |s 2015-11-11 |w 2014-12-14 |y STK0 | ||
| 952 | |0 0 |1 0 |2 ddc |4 0 |6 510_760000000000000_NG527V |7 0 |8 500 |9 32660 |a qbu |b qbu |c D3 |d 2014-12-14 |g 14000 |l 2 |o 510.76 NG527V |p 3582.c16 |r 2015-02-09 |s 2015-02-02 |w 2014-12-14 |y STK0 | ||
| 952 | |0 0 |1 0 |2 ddc |4 0 |6 510_760000000000000_NG527V |7 0 |8 500 |9 32661 |a qbu |b qbu |c D3 |d 2014-12-14 |g 14000 |l 1 |o 510.76 NG527V |p 3582.c17 |r 2015-01-23 |s 2015-01-19 |w 2014-12-14 |y STK0 | ||
| 952 | |0 0 |1 0 |2 ddc |4 0 |6 510_760000000000000_NG527V |7 0 |8 500 |9 32662 |a qbu |b qbu |c D3 |d 2014-12-14 |g 14000 |l 2 |m 1 |o 510.76 NG527V |p 3582.c18 |r 2016-01-27 |s 2016-01-11 |w 2014-12-14 |y STK0 | ||
| 952 | |0 0 |1 0 |2 ddc |4 0 |6 510_760000000000000_NG527V |7 0 |8 500 |9 32663 |a qbu |b qbu |c D3 |d 2014-12-14 |g 14000 |l 1 |o 510.76 NG527V |p 3582.c19 |r 2015-01-26 |s 2015-01-21 |w 2014-12-14 |y STK0 | ||
| 952 | |0 0 |1 0 |2 ddc |4 0 |6 510_760000000000000_NG527V |7 0 |8 500 |9 32664 |a qbu |b qbu |c D3 |d 2014-12-14 |g 14000 |o 510.76 NG527V |p 3582.c20 |r 0000-00-00 |w 2014-12-14 |y STK0 | ||
| 952 | |0 0 |1 0 |2 ddc |4 0 |6 510_760000000000000_NG527V |7 0 |8 500 |9 32665 |a qbu |b qbu |c D3 |d 2014-12-14 |g 14000 |l 3 |o 510.76 NG527V |p 3582.c21 |r 2016-01-18 |s 2016-01-11 |w 2014-12-14 |y STK0 | ||
| 952 | |0 0 |1 0 |2 ddc |4 0 |6 510_760000000000000_NG527V |7 0 |8 500 |9 32666 |a qbu |b qbu |c D3 |d 2014-12-14 |g 14000 |l 1 |m 1 |o 510.76 NG527V |p 3582.c22 |r 2016-01-26 |s 2016-01-12 |w 2014-12-14 |y STK0 | ||
| 952 | |0 0 |1 0 |2 ddc |4 0 |6 510_760000000000000_NG527V |7 0 |8 500 |9 32667 |a qbu |b qbu |c D3 |d 2014-12-14 |g 14000 |o 510.76 NG527V |p 3582.c23 |r 0000-00-00 |w 2014-12-14 |y STK0 | ||
| 952 | |0 0 |1 0 |2 ddc |4 0 |6 510_760000000000000_NG527V |7 0 |8 500 |9 32668 |a qbu |b qbu |c D3 |d 2014-12-14 |g 14000 |o 510.76 NG527V |p 3582.c24 |r 0000-00-00 |w 2014-12-14 |y STK0 | ||
| 952 | |0 0 |1 0 |2 ddc |4 0 |6 510_760000000000000_NG527V |7 0 |8 500 |9 32669 |a qbu |b qbu |c D3 |d 2014-12-14 |g 14000 |o 510.76 NG527V |p 3582.c25 |r 0000-00-00 |w 2014-12-14 |y STK0 | ||
| 952 | |0 0 |1 0 |2 ddc |4 0 |6 510_760000000000000_NG527V |7 0 |8 500 |9 32670 |a qbu |b qbu |c D3 |d 2014-12-14 |g 14000 |o 510.76 NG527V |p 3582.c26 |r 0000-00-00 |w 2014-12-14 |y STK0 | ||
| 952 | |0 0 |1 0 |2 ddc |4 0 |6 510_760000000000000_NG527V |7 0 |8 500 |9 32671 |a qbu |b qbu |c D3 |d 2014-12-14 |g 14000 |o 510.76 NG527V |p 3582.c27 |r 0000-00-00 |w 2014-12-14 |y STK0 | ||
| 952 | |0 0 |1 0 |2 ddc |4 0 |6 510_760000000000000_NG527V |7 0 |8 500 |9 32672 |a qbu |b qbu |c D3 |d 2014-12-14 |g 14000 |l 4 |m 1 |o 510.76 NG527V |p 3582.c28 |r 2018-07-30 |s 2018-07-20 |w 2014-12-14 |y STK0 | ||
| 952 | |0 0 |1 0 |2 ddc |4 0 |6 510_760000000000000_NG527V |7 0 |8 500 |9 32673 |a qbu |b qbu |c D3 |d 2014-12-14 |g 14000 |o 510.76 NG527V |p 3582.c29 |r 0000-00-00 |w 2014-12-14 |y STK0 | ||